000 00427nam a2200157Ia 4500
003 0
005 20260122104522.0
008 180309s9999 xx 000 0 und d
020 _a9719238208
100 _aDr. Wilkinson, Bruce H.
245 4 _aThe prayer breaking through to the blessed life of Jabez /
260 _aQuezon City :
_bMultomah Publication
_c2000
300 _a86 pages
650 _aReligion
942 _2lcc
_cBK
999 _c356114
_d356114